| 000 | 00606nam a2200217 4500 | ||
|---|---|---|---|
| 999 |
_c8242 _d8242 |
||
| 001 | 21776 | ||
| 003 | BD-DhUAP | ||
| 005 | 20230403121008.0 | ||
| 008 | 230403b1990 uk a|||| |||| 001 0ceng d | ||
| 020 | _a9780393958287 | ||
| 020 | _a0393958280 | ||
| 040 |
_aBD-DhUAP _bEng _cBD-DhUAP _dBD-DhUAP |
||
| 082 |
_223 _a823.8 DIC |
||
| 100 | _aDickens, Charles. | ||
| 245 |
_aDavid Copperfield / _bCharles Dickens. |
||
| 250 | _a1st ed. | ||
| 260 |
_aNew York: _bNorton & Company. _cC1990. |
||
| 300 |
_avii, 854 pages : _billustrations ; _c22 cm. |
||
| 504 | _aEncloud Index and Bibliography. | ||
| 942 |
_2ddc _cBK |
||